| 000 | 00405nam a22001697a 4500 | ||
|---|---|---|---|
| 005 | 20200607135928.0 | ||
| 008 | 200520b xxu||||| |||| 00| 0 eng d | ||
| 020 | _a817473287x | ||
| 041 | _aeng | ||
| 082 | _a615 WHO | ||
| 100 |
_aWHO _95187 |
||
| 245 | _aWHO monographs on Selected Medicinal Plant II | ||
| 260 |
_aDELHI _bAITBS PUBLISHER |
||
| 300 | _a354 V | ||
| 650 |
_aPharmacy _95838 |
||
| 942 | _cBK | ||
| 999 |
_c6311 _d6309 |
||